<?xml version="1.0" encoding="UTF-8"?>
<record
    xmlns:xsi="http://www.w3.org/2001/XMLSchema-instance"
    xsi:schemaLocation="http://www.loc.gov/MARC21/slim http://www.loc.gov/standards/marcxml/schema/MARC21slim.xsd"
    xmlns="http://www.loc.gov/MARC21/slim">

  <leader>01464    a2200265   4500</leader>
  <controlfield tag="003">OSt</controlfield>
  <controlfield tag="005">20180116192349.0</controlfield>
  <controlfield tag="008">120531t        xxu||||| |||| 00| 0 eng d</controlfield>
  <datafield tag="020" ind1=" " ind2=" ">
    <subfield code="a">9783865607041 (paperback)</subfield>
  </datafield>
  <datafield tag="040" ind1=" " ind2=" ">
    <subfield code="c">0</subfield>
  </datafield>
  <datafield tag="082" ind1="0" ind2="4">
    <subfield code="a">721</subfield>
  </datafield>
  <datafield tag="245" ind1="1" ind2="0">
    <subfield code="a">Neues museum, berlin /</subfield>
    <subfield code="c">David Chipperfield, Alvaro Siza, Kenneth Frampton, Joseph Rykwert.</subfield>
  </datafield>
  <datafield tag="260" ind1=" " ind2=" ">
    <subfield code="a">Koln :</subfield>
    <subfield code="b">Walther Konig,</subfield>
    <subfield code="c">2010.</subfield>
  </datafield>
  <datafield tag="300" ind1=" " ind2=" ">
    <subfield code="a">288 p. :</subfield>
    <subfield code="b">ill. ;</subfield>
    <subfield code="c">25 cm.</subfield>
  </datafield>
  <datafield tag="520" ind1=" " ind2=" ">
    <subfield code="a">This book documents David Chipperfield's most important project to date: the Neues Museum, centerpiece of the Berlin Museumsinsel. Photographs taken in natural light by Candida Hofer show the rooms after their completion and before they were furnished. Hofer's images are complemented by texts from well-known architects, architectural historians, art historians and conservation architects highlighting the fundamental principles of the project. An interview with David Chipperfield gives insight into the problems surrounding the work.</subfield>
  </datafield>
  <datafield tag="650" ind1="1" ind2="0">
    <subfield code="a">Neues Museum (Berlin, Germany)</subfield>
    <subfield code="9">3048</subfield>
  </datafield>
  <datafield tag="650" ind1="1" ind2="0">
    <subfield code="a">Art museums</subfield>
    <subfield code="x">Conservation and restoration</subfield>
    <subfield code="9">3049</subfield>
  </datafield>
  <datafield tag="700" ind1="1" ind2=" ">
    <subfield code="a">Chipperfield, David.</subfield>
    <subfield code="9">3050</subfield>
  </datafield>
  <datafield tag="700" ind1="1" ind2=" ">
    <subfield code="a">Siza, Alvaro.</subfield>
    <subfield code="9">3051</subfield>
  </datafield>
  <datafield tag="700" ind1="1" ind2=" ">
    <subfield code="a">Frampton, Kenneth.</subfield>
    <subfield code="9">3052</subfield>
  </datafield>
  <datafield tag="700" ind1="1" ind2=" ">
    <subfield code="a">Rykwert, Joseph.</subfield>
    <subfield code="9">3053</subfield>
  </datafield>
  <datafield tag="856" ind1="4" ind2="0">
    <subfield code="3">Amazon.com</subfield>
    <subfield code="u">http://www.amazon.com/exec/obidos/ASIN/3865607047/chopaconline-20</subfield>
  </datafield>
  <datafield tag="942" ind1=" " ind2=" ">
    <subfield code="a">SADA</subfield>
    <subfield code="c">BK</subfield>
    <subfield code="k">721 NEU 2010</subfield>
    <subfield code="2">ddc</subfield>
  </datafield>
  <datafield tag="999" ind1=" " ind2=" ">
    <subfield code="c">352848</subfield>
    <subfield code="d">352848</subfield>
  </datafield>
  <datafield tag="952" ind1=" " ind2=" ">
    <subfield code="0">0</subfield>
    <subfield code="1">0</subfield>
    <subfield code="2">ddc</subfield>
    <subfield code="4">0</subfield>
    <subfield code="7">0</subfield>
    <subfield code="a">SADA</subfield>
    <subfield code="b">SADA</subfield>
    <subfield code="d">2011-04-14</subfield>
    <subfield code="l">1</subfield>
    <subfield code="o">721 NEU 2010</subfield>
    <subfield code="p">SADA0000892</subfield>
    <subfield code="r">2012-01-13</subfield>
    <subfield code="s">2012-01-05</subfield>
    <subfield code="v">3665.00</subfield>
    <subfield code="w">2011-08-05</subfield>
    <subfield code="y">BK</subfield>
  </datafield>
</record>
